| 000 | 01160nam a22002657a 4500 | ||
|---|---|---|---|
| 005 | 20110214110156.0 | ||
| 008 | 090211t xxu||||| |||| 00| 0 hin d | ||
| 010 | _aHIN-91868 | ||
| 020 |
_c150.00 _a9788190953764 |
||
| 035 | _aHN-64214 | ||
| 037 | _bDBAD / PUB | ||
| 040 |
_aDPL _bHN |
||
| 082 | _aउ | ||
| 100 |
_aवाचस्पति, जयन्त _925892 |
||
| 245 |
_aकरो या मरो / _cजयन्त वाचस्पति |
||
| 246 |
_aKaro ya maro _bby Jyant Vachaspati |
||
| 260 |
_aनई दिल्ली _bचिल्ड्रन बुक बैंक _c2010 |
||
| 270 |
_aएस-419 (ग्राउंड फ्लोर), ग्रेटर कैलाश-1 _bनई दिल्ली _e110048 _k29248888 |
||
| 300 |
_a116पृ. _c18सेमी. (सजिल्द) |
||
| 650 |
_91169 _aहिन्दी कथा साहित्य |
||
| 650 |
_925893 _aHindi Novel |
||
| 700 |
_a _925894 |
||
| 942 |
_2ddc _cHN _hउ _mवाचस्प |
||
| 999 |
_c50523 _d50523 |
||